Test bank to accompany : Bovee-Houston-Thill Marketing
Saved in:
| Main Author: | |
|---|---|
| Other Authors: | |
| Format: | Book |
| Language: | English |
| Published: |
New York :
McGraw - Hill, Inc.,
1995
|
| Subjects: | |
| Tags: |
Add Tag
No Tags, Be the first to tag this record!
|
MARC
| LEADER | 00000nam a2200000 i 4500 | ||
|---|---|---|---|
| 001 | 1/65366 | ||
| 008 | 980821s1995 eng d | ||
| 020 | |a 007006881X | ||
| 035 | |l 10029618 | ||
| 040 | |a GR-MY-UA |b gre |e aacr | ||
| 041 | 0 | |a eng | |
| 082 | 0 | |a 658.8 | |
| 100 | 1 | |a Pritchett, Betty M. | |
| 245 | 1 | 0 | |a Test bank to accompany : |b Bovee-Houston-Thill Marketing / |c Betty M. Pritchett, Thomas K. Pritchett |
| 260 | |a New York : |b McGraw - Hill, Inc., |c 1995 | ||
| 300 | |a 266 p. | ||
| 650 | 0 | 0 | |a Marketing |x Management. |
| 700 | 1 | |a Pritchett, Thomas K. | |
| 852 | |a INST |b CHIOS |e 19980821 |h 658.8 PRI |p 005200015876 |q 005200015876 |t BK |y 0 | ||
| 901 | |a BIBL-1998-2 | ||
| 909 | |a Χ |b 058840 | ||
| 922 | |a 2ΕΛΗ |b 199807 |c ΤΔΕ |d ΠΑΠΑΣΩΤΗΡΙΟΥ | ||